Statistiques concernant Personnages Disney de A à Z

Cliquez ici pour prendre le quiz!

Statistiques générales

  • Ce quiz a été pris 402 fois
  • Le résultat moyen est 13 sur 26

Statistiques - réponses

HintRéponse% Correct
CJe suis la demi-soeur de Javotte et AnastasieCendrillon
91%
AJe suis le meilleur ami de AbuAladin
82%
JJe suis l'un des Sept NainsJoyeux
79%
QJe sonne les cloches de Notre-DameQuasimodo
72%
DJe suis entourée de Colère, Joie, Peur et TristesseDégoût
71%
PJe suis amérindienne tombée amoureuse d'un colonPocahontas
71%
WJe raffole du mielWinnie
71%
UJ'ai volé la voix d'ArielUrsula
68%
KJe suis l'empereur MégaloKuzco
67%
VJ'ai été choisi par l'océanVaiana
62%
SJ'ai laissé mon frère se faire piétiner par un troupeauScar
58%
EJe suis une couturière qui s'occupe d'une famille de Super-hérosEdna
51%
BJe suis une Panthère noireBagheera
49%
IJe suis sur l'épaule de JaffarIago
46%
OJ'aime les gros calînsOlaf
45%
NJe suis amoureux de mon refletNarcisse
41%
LJe suis la marionnette d'un ratLinguini
40%
GJe suis prête à tout pour rester jeuneGothel
34%
ZJe veille sur le futur RoiZazu
31%
FJ'ai été fabriqué par BonieFourchette
27%
YJ'organise des plans machiavélique avec KronkYzma
26%
HJ'ai 12 frères aînésHans
24%
TNous sommes des Chimpunks inséparablesTic et Tac
20%
RJe suis un scout de la tribu 54Russell
18%
MJ'étais destinée à me marier avec le Roi StéphaneMaléfique
16%
XJe porte une armure d'or, dans la "Légende des 3 Caballeros"Xandra
0%

Distribution des résultats

Percentile par nombre de réponses

% des personnes avec chaque résultat

Votre développement - résultats

Vous n’avez pas pris ce quiz